000
00300nam a2200109Ia 4500
008
220630s9999 xx 000 0 und d
020
_a
0-7981-1003-1
082
_a
AF DEKO
100
_a
De Kock, Helene
_9
67844
245
0
_a
GRUISPAD NA TOG WAT
942
_c
BK
_w
561
_x
John Tresidder
_y
_z
CRON CRON
999
_c
691936
_d
691935